Sports Quiz

Random Sports Quiz
Score 0/114 Timer 10:00
0 Plays Today
Year Player % Correct
1996Derek Jeter
100%
1999Derek Jeter
100%
2000Derek Jeter
100%
2001Derek Jeter
100%
2003Derek Jeter
100%
2006Derek Jeter
100%
2009Derek Jeter
100%
2012Derek Jeter
100%
1952Mickey Mantle
98.9%
1955Mickey Mantle
98.9%
1956Mickey Mantle
98.9%
1957Mickey Mantle
98.9%
1958Mickey Mantle
98.9%
1961Mickey Mantle
98.9%
1962Mickey Mantle
98.9%
1920Babe Ruth
98.4%
1921Babe Ruth
98.4%
1923Babe Ruth
98.4%
1924Babe Ruth
98.4%
1926Babe Ruth
98.4%
1931Babe Ruth
98.4%
1927Lou Gehrig
96.8%
1928Lou Gehrig
96.8%
1930Lou Gehrig
96.8%
1932Lou Gehrig
96.8%
1933Lou Gehrig
96.8%
1934Lou Gehrig
96.8%
1935Lou Gehrig
96.8%
1936Lou Gehrig
96.8%
1937Lou Gehrig
96.8%
1997Bernie Williams
96.8%
1998Bernie Williams
96.8%
2002Bernie Williams
96.8%
1984Don Mattingly
96.3%
1985Don Mattingly
96.3%
1986Don Mattingly
96.3%
1987Don Mattingly
96.3%
1992Don Mattingly
96.3%
Year Player % Correct
1938Joe DiMaggio
95.8%
1939Joe DiMaggio
95.8%
1940Joe DiMaggio
95.8%
1941Joe DiMaggio
95.8%
1946Joe DiMaggio
95.8%
1947Joe DiMaggio
95.8%
1948Joe DiMaggio
95.8%
2005Alex Rodriguez
95.8%
2010Robinson Cano
94.7%
2011Robinson Cano
94.7%
2013Robinson Cano
94.7%
2007Jorge Posada
93.7%
1951Yogi Berra
92.6%
1970Thurman Munson
89.9%
1975Thurman Munson
89.9%
1993Paul O'Neill
89.4%
1994Paul O'Neill
89.4%
1979Reggie Jackson
86.2%
1963Elston Howard
82%
1964Elston Howard
82%
1950Phil Rizzuto
78.3%
1988Dave Winfield
77.8%
1995Wade Boggs
75.7%
1971Bobby Murcer
74.6%
1972Bobby Murcer
74.6%
1973Bobby Murcer
74.6%
2004Hideki Matsui
73%
1968Roy White
70.4%
1969Roy White
70.4%
1976Mickey Rivers
69.8%
1977Mickey Rivers
69.8%
1929Tony Lazzeri
66.7%
1959Bobby Richardson
65.6%
1960Bill Skowron
65.1%
1989Steve Sax
64.6%
1991Steve Sax
64.6%
1925Earl Combs
62.4%
1942Joe Gordon
62.4%
Year Player % Correct
1966Joe Pepitone
60.8%
1916Wally Pipp
58.2%
1922Wally Pipp
58.2%
2008Johnny Damon
57.7%
1974Lou Piniella
56.1%
1978Lou Piniella
56.1%
1990Roberto Kelly
48.1%
1917Frank Baker
44.4%
1918Frank Baker
44.4%
1983Don Baylor
43.4%
1967Horace Clarke
39.7%
1965Tom Tresh
37%
1949Tommy Henrich
36.5%
1903Willie Keeler
36%
1904Willie Keeler
36%
1905Willie Keeler
36%
1944Snuffy Stirnweiss
35.4%
1945Snuffy Stirnweiss
35.4%
1943Billy Johnson
28.6%
1980Bob Watson
28%
1906Hal Chase
27.5%
1907Hal Chase
27.5%
1909Hal Chase
27.5%
1912 (tie)Hal Chase
27.5%
1953Gene Woodling
25.4%
1981Jerry Mumphrey
24.9%
1982Jerry Mumphrey
24.9%
1919Roger Peckinpaugh
23.8%
1911Birdie Cree
6.9%
1913Birdie Cree
6.9%
1954Irv Noren
6.3%
1901 (as Baltimore Orioles)Mike Donlin
3.7%
1908Charlie Hemphill
3.7%
1915Frtiz Maisel
2.6%
1910John Knight
2.1%
1912 (tie)Bert Daniels
1.6%
1902 (as Baltimore Orioles)Kip Selbach
1.1%
1914Doc Cook
1.1%
Remove Ads.
Support Sporcle.
Get the best of Sporcle when you Go Orange. This ad-free experience offers more features, more stats, and more fun while also helping to support Sporcle. Thank you for becoming a member.

You're not logged in!

Compare scores with friends on all Sporcle quizzes.
OR
Log In

Show Comments

Extras

Top Quizzes Today


Score Distribution

Your Account Isn't Verified!

In order to create a playlist on Sporcle, you need to verify the email address you used during registration. Go to your Sporcle Settings to finish the process.

Report this User

Report this user for behavior that violates our Community Guidelines.

Details: